| 000 | 004470000a22001810004500 | ||
|---|---|---|---|
| 003 | MACL | ||
| 005 | 20150802123435.0 | ||
| 008 | 150802b xxu||||| |||| 00| 0 eng d | ||
| 040 |
_aMACL _cMACL |
||
| 041 | _aEnglish | ||
| 082 | _a398/BRU | ||
| 100 |
_aMalik, Aditya _94304 |
||
| 245 |
_aFlags Of Fame _bStudies In South Asian Folk Culture |
||
| 260 |
_bManohar _c1993 _aDelhi |
||
| 350 | _a500 | ||
| 650 |
_aFolklore _94270 |
||
| 942 |
_cBK _k398 _2ddc |
||
| 999 |
_c3469 _d3469 |
||